000 00642nam a2200181Ia 4500
003 IN-BaIIA
008 211028s9999 xx 000 0 eng d
040 _cIIA Library
080 _a081:52
_bWHI-1
100 _aWhipple, Fred L
_91290
245 4 _aThe Collected contributions of Fred L.Whipple
_bvol. 1, meteors and comets and the interplanetary complex
_cFred L. Whipple
260 _aCambridge
_bSmithsonian Astrophysical Observatory
_c1972
300 _axv, 965p.
650 _a Collected Works-Fred L.Whipple 
_98278
650 _a Fred L.Whipple Collected Works
_98279
650 _aAstronomy and Astrophysics Thesaurus
942 _cBK
999 _c4675
_d4675